| 000 | 01430nam a2200301 a 4500 | ||
|---|---|---|---|
| 001 | BRCA_8523 | ||
| 005 | 20190320210323.0 | ||
| 008 | 280716s2009----mx-ab#####---#000-0#spa-# | ||
| 041 | _aspaduteng | ||
| 044 | _amx | ||
| 050 | 4 |
_aG1102.N4 _b.P47 2009 |
|
| 100 | 1 |
_aPérez Rosales, Laura _99587 |
|
| 245 | 1 | 0 |
_aLa Nueva España en la cartografía holandesa, XVI-XVIII = Nieuw-Spanje in de Nederlandse Cartografie, XVI-XVIII _cLaura Pérez Rosales, Arjen van der Sluis ; traducción al holandés Frank Silkens ; traducción al inglés Debra Emy Nagao Ogawa. |
| 260 |
_aMéxico _bEmbajada del Reino de los Países Bajos _c2009 |
||
| 300 |
_a135 p. _bil. (algunas a color), mapas _c29 cm. |
||
| 504 | _aIncluye referencias bibliográficas | ||
| 546 | _aTexto en : español, holandés e inglés | ||
| 650 | 1 | 4 |
_aCartografía _vMapas _xHistoria _zPaíses Bajos _921379 |
| 651 | 4 |
_aNueva España _vMapas - Facsímiles _yTrabajos anteriores a 1800 _921380 |
|
| 651 | 4 |
_aNueva España _vMapas _xGeografía histórica _921381 |
|
| 651 | 4 |
_aNorteamérica _vMapas - Facsímiles _xDescubrimiento y exploración _yTrabajos anteriores a 1800 _921382 |
|
| 700 | 1 |
_aSluis, Arjen van der _ecoaut. _99588 |
|
| 700 | 1 |
_aSilkens, Frank _etr. _921383 |
|
| 700 | 1 |
_aNagao Ogawa, Debra Emy _etr. _921384 |
|
| 740 | 0 | _aNieuw-Spanje in de Nederlandse Cartografie, XVI-XVIII | |
| 740 | 0 | _aNew Spain in Dutch Cartography XVI to XVIII Centuries | |
| 942 |
_2lcc _cB |
||
| 999 |
_c8189 _d8189 |
||